000 00406nam a22001577a 4500
003 SGT
020 _a‎ 978-0683062465
082 _a617.632
_bP92D
100 _aPaul H. Dworkin
245 _aPediatrics (National Medical Series for Independent Study)
250 _a2nd
260 _aHong, Kong london
_b ‎ Williams & Wilkins
_c1992
300 _a1-550
650 _aPEDODONTICS
942 _2ddc
_cBK
999 _c21863
_d21863